000 00564nam a2200193Ia 4500
008 090124s9999 xx 000 0 und d
082 _b26950
100 _aफाटक म. वि.
245 _a स्मृतिसुगंध
250 _a1
260 _bवरदा बुक्स
_c1988
300 _a288
600 _aफाटक म. वि.
630 _a स्मृतिसुगंध
700 _aफाटक म. वि.
700 _aअदवंत म. ना.
730 _a स्मृतिसुगंध
942 _cBOOK
999 _c94061
_d94061